| 000 | 00604nam a2200181 4500 | ||
|---|---|---|---|
| 999 |
_c19221 _d19221 |
||
| 008 | 240220b ||||| |||| 00| 0 eng d | ||
| 020 | _a9781529779790 | ||
| 082 |
_aDC 658.8 _bT88 2024 |
||
| 100 |
_aTuten, Tracy L. _952735 |
||
| 245 |
_aPrinciples of marketing : _bfor a digital age / _cTracy L. Tuten. |
||
| 250 | _a2nd edition. | ||
| 260 |
_aLos Angeles : _bSAGE, _c©2024. |
||
| 300 |
_axxii, 472 pages : _bcolor illustrations ; _c24 cm. |
||
| 500 | _aIncludes bibliographical references and index. | ||
| 650 |
_aMarketing. _952736 |
||
| 650 |
_aInternet marketing. _952737 |
||
| 942 |
_2ddc _cDC |
||